000 00330 a2200157 4500
001 59356
020 _a8516035131
040 _cAnchieta - Pituba
100 _aBandeira, Pedro
240 1 0 _aA droga do amor
_lpor
245 1 0 _aA droga do amor
300 _a175
362 0 _a2003
650 4 _aLiteratura juvenil
942 _cBK
999 _c59356
_d59356